000 00465cam a2200169ua 4500
020 _a0-07-4631802-3
041 _aeng
_h
082 _a670
_bRAO/MA
100 _aRao, P.N .
245 _aManufacturing technology: Foundry, Forming and welding /
_cP.N Rao.
_hTextual Documents
250 _a2nd /
_b.
260 _aNewDelhi :
_bTata MacGraw Hill Publishing Company Limited ,
_c2006.
300 _a471 ; .
504 _a
942 _cBK
999 _c12911
_d12911